Applied mathematics with microsoft excel / (Record no. 19171)
[ view plain ]
| 000 -LEADER | |
|---|---|
| fixed length control field | 00513nam a2200169 a 4500 |
| 005 - DATE AND TIME OF LATEST TRANSACTION | |
| control field | 20140310183132.0 |
| 008 - FIXED-LENGTH DATA ELEMENTS--GENERAL INFORMATION | |
| fixed length control field | 020823s19uu xx 00 eng d |
| 050 ## - LIBRARY OF CONGRESS CALL NUMBER | |
| Classification number | QA 76.95 |
| Item number | .P53 2001 |
| 100 ## - MAIN ENTRY--PERSONAL NAME | |
| Personal name | Piascik, Chester |
| 245 ## - TITLE STATEMENT | |
| Title | Applied mathematics with microsoft excel / |
| Statement of responsibility, etc | Chester Piascik. |
| 300 ## - PHYSICAL DESCRIPTION | |
| Extent | 257 p. : |
| Other physical details | ill. ; |
| Dimensions | 24 cm. |
| 650 ## - SUBJECT ADDED ENTRY--TOPICAL TERM | |
| Topical term or geographic name as entry element | Microsoft excel ( computer file ) |
| 650 ## - SUBJECT ADDED ENTRY--TOPICAL TERM | |
| Topical term or geographic name as entry element | Mathematics |
| General subdivision | data processing |
| 650 ## - SUBJECT ADDED ENTRY--TOPICAL TERM | |
| Topical term or geographic name as entry element | Electronic spreedsheets |
| 942 ## - ADDED ENTRY ELEMENTS (KOHA) | |
| Koha item type | Books |
| Source of classification or shelving scheme | Library of Congress Classification |
| Call number prefix | Foreign |
| Withdrawn status | Lost status | Source of classification or shelving scheme | Damaged status | Home library | Current library | Shelving location | Date acquired | Total Checkouts | Full call number | Barcode | Date last seen | Price effective from | Koha item type |
|---|---|---|---|---|---|---|---|---|---|---|---|---|---|
| Library of Congress Classification | College Library | College Library | General Circulation Section | 08/23/2002 | QA 76.95 .P53 2001 | C0604 | 05/15/2018 | 03/10/2014 | Books |